00633nam a2200157 a 450000100100000000500170001000800410002704000240006824500840009226000660017630000430024249000300028583000370031595201060035299900170045800003659320200930075822.0120123s2000 dr abc 000 0 spa d aDO-SdBNPspacBNPHU03aEl progreso en la salud de la población :binforme anual del director 2000 /. aWashington :bOrganización Panamericana de la Salud,c2000. a145 p. :bil., mapas, retrs. ;c28 cm.1 aDocumentos oficialesv298 0aDocumentos oficialesn298962867 00107-18PDaGRbGRcOId2012-01-23iLF1l0o p36593-10r2020-06-25w2020-06-25yLFPDZNo se presta c36084d36084